Evaluación del potencial nacional de Investigación en fitoquímica (Registro nro. 1670)

Detalles MARC
000 -CABECERA
Campo de control 00809nam a2200229 a 4500
005 - FECHA Y HORA DE LA ULTIMA TRANSACCION
Campo de control 20180907162924.0
008 - ELEMENTOS DE LONGITUD FIJA—INFORMACION GENERAL
Campo de control 140120b1996 ck ||||| |||| 00| 0 spa d
041 ## - IDIOMA
Código de idioma para texto/pista de sonido o título separado Español
044 ## - PAÍS DE PUBLICACIÓN
País de publicación Colombia
090 ## - CLASIFICACIÓN LOCAL
Colección IAvH
Consecutivo 00033
100 ## - ASIENTO PRINCIPAL--NOMBRE PERSONAL
Nombre personal Giraldo, Martha Cecilia
110 ## - ASIENTO PRINCIPAL--NOMBRE CORPORATIVO
Nombre corporativo o de jurisdicción como elemento de entrada Instituto de Investigación de Recursos Biológicos Alexander von Humboldt
Unidad subordinad Instituto de Investigación de Recursos Biológicos Alexander von Humboldt
245 ## - MENCION DE TITULO
Título Evaluación del potencial nacional de Investigación en fitoquímica
260 ## - PUBLICACION, DISTRIBUCION, ETC. (PIE DE IMPRENTA)
Lugar de publicación, distribución, etc. Villa de Leyva (Boyacá)
Nombre del editor, distribuidor, etc. Instituto Alexander von Humboldt
-- COLCIENCIAS
Fecha de publicación, distribución, etc. 1996
300 ## - DESCRIPCION FISICA
Extensión 40 p.
650 ## - ASIENTO SECUNDARIO DE MATERIA - TERMINO TEMATICO
Término temático o nombre geográfico como elemento de entrada Fitoquímica
650 ## - ASIENTO SECUNDARIO DE MATERIA - TERMINO TEMATICO
Término temático o nombre geográfico como elemento de entrada Investigación
650 ## - ASIENTO SECUNDARIO DE MATERIA - TERMINO TEMATICO
Término temático o nombre geográfico como elemento de entrada Plantas
650 ## - ASIENTO SECUNDARIO DE MATERIA - TERMINO TEMATICO
Término temático o nombre geográfico como elemento de entrada Inventarios
662 ## - ASIENTO SECUNDARIO DE MATERIA - JERARQUIA DEL NOMBRE DE LUGAR(
País o entidad mayor Colombia
942 ## - ELEMENTOS ADICIONALES (KOHA)
Tipo de ítem CD-ROM
Sistema de clasificación Local
Existencias
Withdrawn status Lost status Sistema de Clasificación Damaged status No para préstamo Colección Inventariado Ubicación Permanente Ubicación actual Fecha de adquisición Fuente de Valor Total Checkouts Número topográfico Inventario / Código de Barras Date last seen Ejemplar Price effective from Forma de adquisición Tipo de material
    Local     Humboldt Inventariado 2017 Bogotá Bogotá 02/12/1998 CID Humboldt   IAvH-00033 003816 09/08/2024 Ej. 1 04/12/2012   Informe Técnico